| 000 | 01556nam a2200349Ia 4500 | ||
|---|---|---|---|
| 001 | ebr10051630 | ||
| 003 | CaPaEBR | ||
| 006 | m u | ||
| 007 | cr cn||||||||| | ||
| 008 | 010215s2000 dcua sb 000 0 eng d | ||
| 020 | _z030907195X | ||
| 040 |
_aCaPaEBR _cCaPaEBR |
||
| 035 | _a(OCoLC)70771835 | ||
| 050 | 1 | 4 |
_aSF407.R38 _bM53 2000eb |
| 245 | 0 | 0 |
_aMicrobial status and genetic evaluation of mice and rats _h[electronic resource] : _bproceedings of the 1999 US/Japan conference / _cInternational Committee of the Institute for Laboratory Animal Research ; National Research Council. |
| 260 |
_aWashington, D.C. : _bNational Academy Press, _cc2000. |
||
| 300 |
_axvi, 166 p. : _bill. |
||
| 490 | 1 | _aThe compass series | |
| 504 | _aIncludes bibliographical references. | ||
| 530 | _aAlso available online. | ||
| 533 |
_aElectronic reproduction. _bPalo Alto, Calif. : _cebrary, _d2005. _nAvailable via World Wide Web. _nAccess may be limited to ebrary affiliated libraries. |
||
| 650 | 0 |
_aRats as laboratory animals _xMicrobiology _vCongresses. |
|
| 650 | 0 |
_aMice as laboratory animals _xMicrobiology _vCongresses. |
|
| 650 | 0 |
_aRats _xDiseases _vCongresses. |
|
| 650 | 0 |
_aMice _xDiseases _vCongresses. |
|
| 650 | 0 |
_aRats _xBreeding _vCongresses. |
|
| 650 | 0 |
_aMice _xBreeding _vCongresses. |
|
| 655 | 7 |
_aElectronic books. _2local |
|
| 710 | 2 | _aebrary, Inc. | |
| 830 | 0 | _aCompass series (Washington, D.C.) | |
| 856 | 4 | 0 |
_uhttp://site.ebrary.com/lib/rucke/Doc?id=10051630 _zAn electronic book accessible through the World Wide Web; click to view |
| 999 |
_c67023 _d67023 |
||